| 000 | 01574cam a22004578i 4500 | ||
|---|---|---|---|
| 999 |
_c5729 _d5729 |
||
| 001 | 23589505 | ||
| 003 | OSt | ||
| 005 | 20251027110316.0 | ||
| 008 | 240302s2024 nyu d 000 1 eng | ||
| 010 | _a 2024009789 | ||
| 020 | _a9781665970839 | ||
| 035 | _a23589505 | ||
| 040 |
_aNIC/DLC _beng _erda _cDLC _dDLC _dKH8 |
||
| 042 |
_apcc _acyac |
||
| 043 | _aa-my--- | ||
| 082 | _aFIC ALK | ||
| 100 | 0 |
_aHanna Alkaf, _eauthor. |
|
| 245 | 1 | 4 |
_aThe hysterical girls of St. Bernadette's / _cHanna Alkaf. |
| 250 | _aFirst edition. | ||
| 264 | 1 |
_aNew York : _bSalaam Reads, _c[2024] |
|
| 300 |
_a342 pages ; _c22 cm |
||
| 336 |
_atext _btxt _2rdacontent |
||
| 337 |
_aunmediated _bn _2rdamedia |
||
| 338 |
_avolume _bnc _2rdacarrier |
||
| 520 |
_a"Two teenagers investigate the strange occurrences of mass hysteria plaguing their all-girls school"-- _cProvided by publisher. |
||
| 521 |
_aAges 14 up. _bSalaam Reads. |
||
| 521 |
_aGrades 10-12. _bSalaam Reads. |
||
| 650 | 0 |
_aTeenage girls _zMalaysia _zKuala Lumpur _vJuvenile fiction. |
|
| 650 | 0 |
_aInterpersonal relations _vJuvenile fiction. |
|
| 650 | 0 |
_aGirls' schools _zMalaysia _zKuala Lumpur _vJuvenile fiction. |
|
| 650 | 1 |
_aSingle-sex schools _vFiction. |
|
| 650 | 1 |
_aSchools _vFiction. |
|
| 650 | 1 |
_aInterpersonal relations _vFiction. |
|
| 650 | 1 | _aMystery and detective stories. | |
| 651 | 1 |
_aKuala Lumpur (Malaysia) _vFiction. |
|
| 651 | 1 |
_aMalaysia _vFiction. |
|
| 655 | 7 |
_aThrillers (Fiction) _2lcgft |
|
| 655 | 7 |
_aDetective and mystery fiction. _2lcgft |
|
| 655 | 7 |
_aNovels. _2lcgft |
|
| 942 |
_2ddc _cFIC |
||